000 00732nam a2200229 a 4500
001 000014899
003 DO-SdBNP
005 20240307073946.0
007 ta
008 100127s2007 dr 001 0 spa d
040 _aDO-SdBNP
_bspa
_cBNPHU
082 4 _bE79o
_222
245 0 3 _aEl estatuto orgánico :
_bsus antecedentes y sus modificaciones /
_cpresentación Roberto Reyna Tejada.
260 _aSanto Domingo :
_bUASD,
_c2007.
300 _a861 p. ;
_c23 cm.
490 1 _aLiteratura y Sociedad
_v17
500 _aLa biblioteca posee el tomo I
700 1 _aReyna Tejada, Roberto,
_epres.
_933739
710 1 _aUniversidad Autónoma de Santo Domingo
_972951
830 0 _aLiteratura y Sociedad
_n17
_933740
942 _2ddc
_cLBS1
999 _c14479
_d14479